Espagne 2 - 1 Angleterre (EURO 2024) - Statistiques

Statistiques générales
  • Ce quiz a été pris 134 fois
    42 depuis la dernière actualisation
  • Le résultat moyen est 25 sur 31
Statistiques - réponses
Poste Club/Pays Joueur % Correct
Ailier droit FC Barcelona Lamine Yamal
100%
Latéral droit Real Madrid CF Dani Carvajal
97%
Milieu central Paris Saint-Germain Fabián Ruiz
97%
Milieu central Manchester City Rodri
97%
Défenseur central Al-Nassr Club Aymeric Laporte
95%
Ailier gauche Athletic Club Nico Williams
95%
Avant-centre FC Bayern München Harry Kane
92%
Ailier gauche Real Madrid CF Jude Bellingham
92%
Latéral droit Manchester City Kyle Walker
92%
Latéral gauche Chelsea FC Marc Cucurella
92%
Avant-centre Atlético de Madrid Álvaro Morata
89%
Ailier droit Arsenal FC Bukayo Saka
89%
Gardien de but Everton FC Jordan Pickford
89%
Milieu offensif RB Leipzig Dani Olmo
87%
Milieu offensif Manchester City Phil Foden
87%
Milieu central Manchester City John Stones
84%
Défenseur central Real Sociedad Robin Le Normand
82%
Gardien de but Athletic Club Unai Simón
82%
Milieu offensif remplaçant (70') Chelsea FC Cole Palmer
76%
Milieu central Arsenal FC Declan Rice
76%
Latéral gauche Manchester United Luke Shaw
76%
Avant-centre remplaçant (61') Aston Villa FC Ollie Watkins
76%
Avant-centre remplaçant (68') Real Sociedad Mikel Oyarzabal
68%
Coach Gareth Southgate
66%
Défenseur central remplaçant (83') Real Madrid CF Nacho Fernández
63%
Milieu central Manchester United Kobbie Mainoo
55%
Milieu droit remplaçant (46') Real Sociedad Martín Zubimendi
55%
Milieu central remplaçant (89') Real Sociedad Mikel Merino
55%
Milieu gauche Crystal Palace FC Marc Guéhi
53%
Coach Luis de la Fuente
50%
Avant-centre remplaçant (89') Brentford FC Ivan Toney
45%
Aucun quiz correspondant
Distribution des résultats
% des personnes avec chaque résultat
Percentile par nombre de réponses
Votre historique - résultats
Vous n’avez pas pris ce quiz depuis la dernière actualisation